University College / (Record no. 50273)
[ view plain ]
| 000 -LEADER | |
|---|---|
| fixed length control field | 01106nam a2200313 a 4500 |
| 001 - CONTROL NUMBER | |
| control field | 50273 |
| 003 - CONTROL NUMBER IDENTIFIER | |
| rucl marc code | BD-RjUL |
| 005 - DATE AND TIME OF LATEST TRANSACTION | |
| control field | 20211209075502.0 |
| 008 - FIXED-LENGTH DATA ELEMENTS--GENERAL INFORMATION | |
| fixed length control field | 160824s1902 enkafei 001 0deng d |
| 035 ## - SYSTEM CONTROL NUMBER | |
| System control number | (BD-RjUL) 50393 |
| 040 ## - CATALOGING SOURCE | |
| Original cataloging agency | BD-RjUL |
| Language of cataloging | eng |
| Transcribing agency | BD-RjUL |
| Modifying agency | BD-RjUL |
| 041 ## - LANGUAGE CODE | |
| Language code of text/sound track or separate title | eng |
| 082 ## - DEWEY DECIMAL CLASSIFICATION NUMBER | |
| Edition number | 23 |
| Classification number | 378.425 |
| Author mark and year | CAU 1902 |
| 100 1# - MAIN ENTRY--PERSONAL NAME | |
| Personal name | Carr, William. |
| 9 (RLIN) | 150670 |
| 245 10 - TITLE STATEMENT | |
| Title | University College / |
| Statement of responsibility, etc. | by William Carr. |
| 246 18 - VARYING FORM OF TITLE | |
| Title proper/short title | College histories : |
| Remainder of title | University |
| Title proper/short title | Oxford University college histories : |
| Remainder of title | University |
| 260 0# - PUBLICATION, DISTRIBUTION, ETC. (IMPRINT) | |
| Place of publication, distribution, etc. | London : |
| Name of publisher, distributor, etc. | F.E. Robinson, |
| Date of publication, distribution, etc. | 1902. |
| 300 ## - PHYSICAL DESCRIPTION | |
| Pagination | ix, 242 p. : |
| Illustrations | ill. ; |
| Size | 20 cm. |
| 490 1# - SERIES STATEMENT | |
| Series statement | University of Oxford college histories |
| Series statement | College histories, Oxford |
| 504 ## - BIBLIOGRAPHY, ETC. NOTE | |
| Bibliography, etc | Includes bibliographical references and index. |
| 610 20 - SUBJECT ADDED ENTRY--CORPORATE NAME | |
| Corporate name or jurisdiction name as entry element | University College (University of Oxford) |
| 650 #0 - SUBJECT ADDED ENTRY--TOPICAL TERM | |
| Topical term or geographic name as entry element | Universities and colleges |
| Geographic subdivision | England |
| -- | Oxford |
| General subdivision | History. |
| 9 (RLIN) | 150672 |
| 651 #0 - SUBJECT ADDED ENTRY--GEOGRAPHIC NAME | |
| Geographic name | Oxford (England) |
| General subdivision | History. |
| 9 (RLIN) | 150673 |
| 830 #0 - SERIES ADDED ENTRY--UNIFORM TITLE | |
| Uniform title | University of Oxford college histories. |
| Uniform title | College histories, Oxford. |
| 942 ## - ADDED ENTRY ELEMENTS (KOHA) | |
| Source of classification or shelving scheme | Dewey Decimal Classification |
| Koha item type | Books |
| Lost status | Source of classification or shelving scheme | Damaged status | Not for loan | Collection code | Permanent Location | Current Location | Shelving location | Date acquired | Source of acquisition | Total Checkouts | Full call number | Date last seen | Copy number | Koha item type |
|---|---|---|---|---|---|---|---|---|---|---|---|---|---|---|
| Dewey Decimal Classification | Non-fiction | Central Library, University of Rajshahi | Central Library, University of Rajshahi | 04/01/1963 | A. Hakim Qurishi | 378.425 CAU 1902 | 24/08/2016 | C-2 | Books |